Fruticultura: madurez de la fruta y manejo poscosecha, fruta de climas templado y subtropical y uva de vino

שמור ב:
מידע ביבליוגרפי
מחבר ראשי: Gil Salaya, Gonzalo F. (autor)
פורמט: ספר
שפה:ספרדית
יצא לאור: Santiago Universidad Católica de Chile 2001
סדרה:Investigaciones
נושאים:
תגים: הוספת תג
אין תגיות, היה/י הראשונ/ה לתייג את הרשומה!

MARC

LEADER 00000nam a2200000 a 4500
001 UCM0476
003 CL-VaPUC
008 020301e20010000CL |||||||||||||||||spa|d
082 0 4 |a 634  |b GIL  |2 21 
100 |a Gil Salaya, Gonzalo F.  |e autor  |9 620235 
245 1 0 |a Fruticultura: madurez de la fruta y manejo poscosecha, fruta de climas templado y subtropical y uva de vino 
300 |a 413 p 
942 |c BK 
945 |d 20020301 00:00:00  |a cmena 
260 |a Santiago  |b Universidad Católica de Chile  |c 2001 
650 0 |a Fruticultura  |9 259678 
650 0 |a Industria agrícola   |9 264819 
583 |a last modification  |c 20020301 00:00:00  |k Rodrigo Vera 
490 0 |a Investigaciones 
999 |c 299380  |d 299378 
952 |0 0  |1 0  |4 0  |6 634_000000000000000_GIL_2001  |7 0  |8 R  |9 355904  |a BIBAGR  |b BIBAGR  |d 2019-11-21  |i 3794709  |o 634 GIL 2001  |p 3794709  |r 2025-01-20  |w 2019-11-21  |y BK_R  |k AGR 
952 |0 0  |1 0  |4 0  |6 634_000000000000000_GIL_2001  |7 0  |8 R  |9 355905  |a BIBAGR  |b BIBAGR  |d 2019-11-21  |i 3820025  |o 634 GIL 2001  |p 3820025  |r 2025-01-20  |w 2019-11-21  |y BK_R  |k AGR 
952 |0 0  |1 0  |4 0  |6 634_000000000000000_GIL_2001  |7 0  |8 R  |9 355906  |a BIBAGR  |b BIBAGR  |d 2019-11-21  |i 3820033  |o 634 GIL 2001  |p 3820033  |r 2025-01-20  |w 2019-11-21  |y BK_R  |k AGR